Central Library OPAC University of Rajshahi

Critical and miscellaneous essays / (Record no. 21759)

MARC details
000 -LEADER
fixed length control field 01225cam a2200313Ia 4500
001 - CONTROL NUMBER
control field 21759
003 - CONTROL NUMBER IDENTIFIER
rucl marc code BD-RjUL
005 - DATE AND TIME OF LATEST TRANSACTION
control field 20211209000726.0
008 - FIXED-LENGTH DATA ELEMENTS--GENERAL INFORMATION
fixed length control field 140305s1969 enk s 000 0 eng d
035 ## - SYSTEM CONTROL NUMBER
System control number BD-RjUL)21824
040 ## - CATALOGING SOURCE
Original cataloging agency CaPaEBR
Transcribing agency CaPaEBR
Language of cataloging eng
Modifying agency BD-RjUL
041 ## - LANGUAGE CODE
Language code of text/sound track or separate title eng
082 04 - DEWEY DECIMAL CLASSIFICATION NUMBER
Classification number 824.8
Author mark and year CAC V-1 1969
100 1# - MAIN ENTRY--PERSONAL NAME
Personal name Carlyle, Thomas,
Dates associated with a name 1795-1881.
9 (RLIN) 63390
245 10 - TITLE STATEMENT
Title Critical and miscellaneous essays /
Number of part/section of a work Volume 1 /
Statement of responsibility, etc. By Thomas Carlyle.
260 ## - PUBLICATION, DISTRIBUTION, ETC. (IMPRINT)
Place of publication, distribution, etc. London :
Name of publisher, distributor, etc. Electric Book Co.,
Date of publication, distribution, etc. 1969.
300 ## - PHYSICAL DESCRIPTION
Pagination 524p. ;
Size 24cm.
500 ## - GENERAL NOTE
General note "Collected and Republished (First Time 1839; Final 1869)."
General note "Transcribed from Volume I of Critical and Miscellaneous Essays By Thomas Carlyle, published by Chapman and Hall, London 1888."
General note "Originally published in the Ashburton Edition of Carlyle's Works, Volume XV of 17 volumes."
600 10 - SUBJECT ADDED ENTRY--PERSONAL NAME
Personal name Carlyle, Thomas,
Dates associated with a name 1795-1881.
650 #0 - SUBJECT ADDED ENTRY--TOPICAL TERM
Topical term or geographic name as entry element English literature
Chronological subdivision 19th century.
9 (RLIN) 67203
Topical term or geographic name as entry element Essays.
9 (RLIN) 67204
856 40 - ELECTRONIC LOCATION AND ACCESS
Uniform Resource Identifier <a href="http://www.columbia.edu/cgi-bin/cul/resolve?clio5380465">http://www.columbia.edu/cgi-bin/cul/resolve?clio5380465</a>
Public note Click here for full text.
942 ## - ADDED ENTRY ELEMENTS (KOHA)
Source of classification or shelving scheme Dewey Decimal Classification
Koha item type Books
Holdings
Lost status Source of classification or shelving scheme Damaged status Not for loan Collection code Permanent Location Current Location Shelving location Date acquired Source of acquisition Cost, normal purchase price Total Checkouts Full call number Date last seen Copy number Koha item type
  Dewey Decimal Classification   Added to bundle Non-fiction Central Library, University of Rajshahi Central Library, University of Rajshahi Reading Room 17/11/1970 Zeithlinger. 0.00   824.8 CAC V-1 1969 05/03/2014 C-1 Books